| 000 | 00478nam a22001577a 4500 | ||
|---|---|---|---|
| 005 | 20160404114547.0 | ||
| 008 | 160404b xxu||||| |||| 00| 0 eng d | ||
| 050 | _aML106.R6A256 | ||
| 100 |
_aAfanasyeva, L. _923506 |
||
| 245 |
_aRussian composers _cby Afanasyeva, L. |
||
| 260 |
_aMoscow _bMezhdunarodaya Kniga _cno date |
||
| 300 |
_ano pagination _c17cm. |
||
| 650 |
_aComposers _zRussian _923507 |
||
| 700 |
_aBelyaeva, E. _ejt. at. _923508 |
||
| 942 |
_2lcc _cMONOGRAPH |
||
| 999 |
_c124522 _d124522 |
||